00852cam a2200193 a 450000100100000000500170001000800410002704000250006808200200009310000400011324500920015326000550024530000190030065000360031965000370035595201230039295201280051599900150064300000774020200929154301.0831122s1957 pr 000 0 spa  aDO-SdBNPbspacBNPHU aPR864.42bR788L1 aRosa Nieves, Cesareo,d1901-92143013aLa lámpara del faro :bvariaciones críticas sobre temas puertorriqueños; ensayos. aSan Juan, Puerto Rico :bClub de La Prensa,c1957. at. 1 ;c22 cm. 4aEnsayos puertorriqueños98892 4aLiteratura puertorriqueña9250 001052708MOaGRbGRcCTd2009-09-10iLF1l0oPR864.42 R788Lp7740-10r2020-06-25w2020-06-25y2ZPréstamo interno 001053728MOaGRbGRcCTd2009-09-10iLF1l0oPR864.42 R788Lp7740-20r2020-06-25te.2w2020-06-25y2ZPréstamo interno c7518d7518